000 00584nam a2200205Ia 4500
003 GCL
008 140319s9999 xx 000 0 ara d
040 _aGCL /
_cGCL
082 0 4 _aق
_b332.34
_bر ب
100 1 _aرمزى زكى
245 1 0 _aبحوث فى ديون مصر الخارجية /
_cرمزى زكى
260 _a[S.N] :
_bمكتبة مدبولى ،
_c1985
300 _a419 ص
490 _a
650 0 4 _aمصر
650 0 4 _aالديون الخارجية
650 0 4 _aالقروض الاجنبية
650 0 4 _aالتمويل الدولى
942 _2ddc
_cBK
999 _c30967
_d30967